Normal view
MARC view
- PATRICK, D,DUGGER, W,SUESS, A
Entry Personal Name
001 - CONTROL NUMBER
- control field: 75579
003 - CONTROL NUMBER IDENTIFIER
- control field: NUST
005 - DATE AND TIME OF LATEST TRANSACTION
- control field: 20210628205437.0
008 - FIXED-LENGTH DATA ELEMENTS
- fixed length control field: 210628|| aca||aabn | a|a d
040 ## - CATALOGING SOURCE
- Original cataloging agency: NUST
- Transcribing agency: NUST
100 ## - HEADING--PERSONAL NAME
- Personal name: PATRICK, D,DUGGER, W,SUESS, A
670 ## - SOURCE DATA FOUND
- Source citation: Work cat.: (NUST): PATRICK, D,DUGGER, W,SUESS, A, CONTROL DEVICES AND SYSTEMS BASIC ELECTRONICS SYSTEMS TECHNOLOGY, 1973
